| 000 | 00439nam a2200121Ia 4500 | ||
|---|---|---|---|
| 008 | 180412s9999||||xx |||||||||||||| ||und|| | ||
| 020 | _a801817498 | ||
| 040 | _aAhmadu Bello University Library - Zaria | ||
| 100 | _aStone, Lawrence | ||
| 245 | 0 |
_aSchooling and society: studiies in the history of education. _cedited by Lawrence Stone |
|
| 260 |
_aBaltinmore _bJohn Hopkins U. P. _c1976 |
||
| 300 | _axviii, 263p., table. | ||
| 500 | _aIncludes bibliographical references. | ||
| 999 |
_c43602 _d43602 |
||